Представление документа в формате MARC21

ПолеНазваниеЗначение
  Тип записи a
  Библиографический уровень m
001 Контрольный номер BIBLIOCLUB\0000200774
005 Дата корректировки 20260430154656.6
006 m o d
007 Элементы данных для физической характеристики c|||||||||||||
008 Кодируемые данные s2009 rus o rus d
020 Индекс ISBN __
a ISBN 978-5-89503-410-1
041 Код языка издания 0_
a Код языка текста rus
084 Индекс другой классификации/Индекс ББК __
a Индекс другой классификации/Индекс ББК 22.185я73
b Номер единицы LBC/PL
2 Источник индекса rubbk
100 Автор 1_
a Автор Гладких Б. А.
245 Заглавие 10
a Заглавие Методы оптимизации и исследование операций для бакалавров информатики
b Продолж. заглавия учебное пособие
c Ответственность Б. А. Гладких
n Номер части/ раздела Ч. 1
p Название части/ раздела Введение в исследование операций. Линейное программирование
260 Выходные данные __
a Место издания Томск
b Издательство Издательство НТЛ
c Дата издания 2009
300 Физическое описание __
a Объем 200 с.
653 Ключевые слова 1_
a Ключевые слова Учебник для высшей школы
856 Электронный адрес документа 40
3 Область применения данных поля Университетская библиотека ONLINE
u URL https://biblioclub.ru/index.php?page=book&id=200774
900 Электронные ресурсы __
a Имя электронного ресурса https://img.biblioclub.ru/sm_cover/e340a7fba203828b76029dba6fa584bd5yz8gvc2iq/cover.jpg